Evitar las drogas / (Record no. 19592)

MARC details
000 -LEADER
fixed length control field 01218pam a2200373 a 4500
001 - CONTROL NUMBER
control field sjds180001
003 - CONTROL NUMBER IDENTIFIER
control field sjds
005 - DATE AND TIME OF LATEST TRANSACTION
control field 20200211132143.0
008 - FIXED-LENGTH DATA ELEMENTS--GENERAL INFORMATION
fixed length control field 180406t20062006mnua j 000 0 spa
010 ## - LIBRARY OF CONGRESS CONTROL NUMBER
LC control number 2005016258
020 ## - INTERNATIONAL STANDARD BOOK NUMBER
International Standard Book Number 9780822531661
020 ## - INTERNATIONAL STANDARD BOOK NUMBER
International Standard Book Number 0822531666
040 ## - CATALOGING SOURCE
Transcribing agency sjds
041 1# - LANGUAGE CODE
Language code of text/sound track or separate title spa
Language code of original eng
099 ## - LOCAL FREE-TEXT CALL NUMBER (OCLC)
Classification number CHILDREN ESPANOL 362.29 MURPHY
100 1# - MAIN ENTRY--PERSONAL NAME
Personal name Murphy, Patricia J.,
Dates associated with a name 1963-
Relator term author.
240 10 - UNIFORM TITLE
Uniform title <a href="Avoiding drugs.">Avoiding drugs.</a>
Language of a work Spanish
245 10 - TITLE STATEMENT
Title Evitar las drogas /
Statement of responsibility, etc. por Patricia J. Murphy.
260 ## - PUBLICATION, DISTRIBUTION, ETC. (IMPRINT)
Place of publication, distribution, etc. New York :
Name of publisher, distributor, etc. Lerner Publishing Group.
Date of publication, distribution, etc. c2006.
264 #1 - PRODUCTION, PUBLICATION, DISTRIBUTION, MANUFACTURE, AND COPYRIGHT NOTICE
Place of production, publication, distribution, manufacture
300 ## - PHYSICAL DESCRIPTION
Extent 32 pages :
Other physical details color illustrations ;
Dimensions 19 cm.
336 ## - CONTENT TYPE
Content type term text
Content type code txt
Source rdacontent
337 ## - MEDIA TYPE
Media type term unmediated
Media type code n
Source rdamedia
338 ## - CARRIER TYPE
Carrier type term volume
Carrier type code nc
Source rdacarrier
490 1# - SERIES STATEMENT
Series statement Libros para avanzar
500 ## - GENERAL NOTE
General note "Traduccion al espanol por Julia Cisneros Fitzpatrick y Barbara L. Aguirre."
526 0# - STUDY PROGRAM INFORMATION NOTE
Program name Accelerated Reader
Interest level LG
Reading level 3.5
Title point value 0.5
Public note 101349SP
650 #0 - SUBJECT ADDED ENTRY--TOPICAL TERM
Topical term or geographic name as entry element Drugs
Form subdivision Juvenile literature.
650 #0 - SUBJECT ADDED ENTRY--TOPICAL TERM
Topical term or geographic name as entry element Drug abuse
Form subdivision Juvenile literature.
650 #7 - SUBJECT ADDED ENTRY--TOPICAL TERM
Topical term or geographic name as entry element Drogas
Form subdivision Literatura juvenil.
Source of heading or term bidex
650 #7 - SUBJECT ADDED ENTRY--TOPICAL TERM
Topical term or geographic name as entry element Abuso de drogas
Form subdivision Literatura juvenil.
Source of heading or term bidex
830 #0 - SERIES ADDED ENTRY--UNIFORM TITLE
Uniform title Libros para avanzar.
942 ## - ADDED ENTRY ELEMENTS (KOHA)
Koha item type Libro/Book
Source of classification or shelving scheme Dewey Decimal Classification
Holdings
Withdrawn status Lost status Damaged status Not for loan Home library Current library Date acquired Total Checkouts Barcode Date last seen Date checked out Price effective from Koha item type Inventory number Full call number Source of classification or shelving scheme
        Azul y Blanco -- Satellite Azul y Blanco -- Satellite 08/01/2019   35200205 08/01/2019   08/01/2019 Libro/Book inventory date: 20-1-25 JAA  
        Barbudos -- Satellite Barbudos -- Satellite 08/01/2019   35800930 16/02/2022   08/01/2019 Libro/Book Inventory date: 7/7/25    
        Capulin -- Satellite Capulin -- Satellite 08/01/2019   35100304 08/01/2019   08/01/2019 Libro/Book Inventory date: 7/7/25    
        Genizero -- Satellite Genizero -- Satellite 08/01/2019   35700887 08/01/2019   08/01/2019 Libro/Book      
        La Puerta Biblioteca -- Satellite La Puerta Biblioteca -- Satellite 09/04/2018 4 40302102 16/10/2019 09/10/2019 09/04/2018 Libro/Book      
        Las Brisas 1 -- Satellite Las Brisas 1 -- Satellite 16/04/2018   40001542 16/04/2018   16/04/2018 Libro/Book      
        Las Brisas 1 -- Satellite Las Brisas 1 -- Satellite 14/05/2019   40001771 14/05/2019   14/05/2019 Libro/Book     Dewey Decimal Classification
        Las Brisas 2 -- Satellite Las Brisas 2 -- Satellite 16/04/2018   40101520 16/04/2018   16/04/2018 Libro/Book Inventory date: 7/4/25 JN  
        Las Brisas 2 -- Satellite Las Brisas 2 -- Satellite 08/01/2019   40101785 08/01/2019   08/01/2019 Libro/Book Inventory date: 7/4/25 JN  
        Monte Cristo -- Satellite Monte Cristo -- Satellite 16/04/2018   40201530 16/04/2018   16/04/2018 Libro/Book      
        San Juan Del Sur -- Biblioteca San Juan Del Sur -- Biblioteca 30/04/2014 5 30001063 04/05/2015 30/04/2015 30/04/2014 Libro/Book      
        Sevadilla -- Satellite Sevadilla -- Satellite 08/01/2019 2 35400120 04/11/2024 11/10/2024 08/01/2019 Libro/Book Inventory date: 7/7/25    
        Zaragoza -- Satellite Zaragoza -- Satellite 08/01/2019   35500839 08/01/2019   08/01/2019 Libro/Book      

Powered by Koha